Pays de la coupe du monde 2026 - Statistiques

Statistiques générales
  • Ce quiz a été pris 60 fois
  • Le résultat moyen est 37 sur 48
Statistiques - réponses
Réponse % Correct
France
100%
Brésil
96%
USA
96%
Argentine
94%
Espagne
94%
Mexique
94%
Norvège
94%
Allemagne
92%
Angleterre
92%
Canada
92%
Japon
92%
Sénégal
92%
Algérie
90%
Australie
90%
Portugal
90%
Maroc
88%
Suède
88%
Belgique
86%
Corée du Sud
86%
Iran
86%
Colombie
82%
Suisse
82%
Égypte
80%
Turquie
80%
Irak
78%
Nouvelle Zélande
78%
Pays Bas
78%
Tunisie
78%
Uruguay
78%
Afrique du Sud
76%
Croatie
76%
Équateur
73%
Autriche
71%
Écosse
69%
Paraguay
69%
Arabie Saoudite
67%
Qatar
65%
RD Congo
65%
Bosnie
61%
Côte d’Ivoire
61%
Tchéquie
57%
Panama
55%
Ghana
53%
Haïti
51%
Curaçao
43%
Cap Vert
41%
Jordanie
39%
Ouzbékistan
37%
Aucun quiz correspondant
Distribution des résultats
% des personnes avec chaque résultat
Percentile par nombre de réponses
Votre historique - résultats
Vous n’avez pas pris ce quiz